00567nam a2200157Ia 4500008004100000040001700041041001200058082001700070100001400087245012600101260000900227300001100236942000700247952013600254999001900390230917s9999||||xx |||||||||||||| ||und|| e210166aMAIN aEnglish a342.54 R164S aRani Devi 0a73van samvaidhanik sanshodhan adhiniyam, 1992 aur mahilaon ka sashaktikaran-Haryana rajya ke Karnal jile ke sandarbh mein c2013 a304 p. cTH 0010406342_540000000000000_R164S709194534aMAINbMAINd2013-09-14l0o342.54 R164Sp221921r2023-09-17 21:21:16w2023-09-17yTH c125959d125959